00686pam a2200157 a 4500020000500000041000500005082001300010100001700023245006100040260003200101300001100133930000900144999001900153952017900172952017700351 c h a361bMOR aMorell, J.A. aProgram Evaluation In Social ResearchhTextual Documents aOgilvybLibrary Of Congress a193/PB a3910 c110741d110741 001040708GeneralaAKSbAKScAKS-MBA-Old Library (Stack/Cub)-3d1990-09-19eRupa Book Internationalg219.60l0o361 MORpAKS-M-02190r2023-03-01 00:00:00t2w2023-03-01yBK 001040708GeneralaAKSbAKScAKS-MBA-Ref-Rack-17d1990-09-19eRupa Book Internationalg219.60l1o361 MORpAKS-M-02189r2025-04-21 00:00:00s2025-04-15t1w2023-03-01yBK